=LDR 00000nam 2200000 4500 =001 INLIS000000000011519 =005 20130612103056 =008 ***********************************Ind** =035 ##$$0010-061300000011519 =041 ##$$a Ind =082 ##$$a 758.3 =090 ##$$a 758.3, Sar, p =100 ##$$a Saraswati =245 ##$$a Pedoman Menggambar hewan, Saraswati =260 ##$$a 1984 $b Jakarta =300 ##$$a VII,43 hlm., ilus, 21 cm =650 ##$$a Menggambar =850 ##$$a NBPNMAT